000 00283nam a22001337a 4500
008 180202b xxu||||| |||| 00| 0 eng d
020 _a9780683404593
041 _aeng
080 _a61
100 _a2
101 _ashm
245 _aabbreavistions
_c michael.m
942 _2udc
_cBK
999 _c41592
_d41592